Neobchodimoje uslovije perechoda k rynku.

Základné prístupy k deetatizácii sovietskej ekonomiky (rozdelenie vlastníctva medzi všetkých, medzi členov pracovných kolektívov). Problémy bezplatného rozdania akcií. Účasť zahraničného kapitálu v deetatizácií. Princípy oceňovania hodnoty podniku. Ceny bytov.

Na minha lista:
Detalhes bibliográficos
Autor principal: Popova, T.
Formato: Capítulo de Livro
Idioma:russo
Assuntos:
Tags: Adicionar Tag
Sem tags, seja o primeiro a adicionar uma tag!

MARC

LEADER 00000naa a2200000 4500
001 r003489
005 20221130103802.4
041 0 |a rus 
044 |a [SU] 
245 1 0 |a Neobchodimoje uslovije perechoda k rynku.  |c T. Popova 
520 |a Základné prístupy k deetatizácii sovietskej ekonomiky (rozdelenie vlastníctva medzi všetkých, medzi členov pracovných kolektívov). Problémy bezplatného rozdania akcií. Účasť zahraničného kapitálu v deetatizácií. Princípy oceňovania hodnoty podniku. Ceny bytov. 
610 2 0 |a deetatizácia 
610 2 0 |a ZSSR 
610 2 0 |a akcie 
610 2 0 |a kapitál zahraničný 
610 2 0 |a podnik 
610 2 0 |a oceňovanie ekonomické 
610 2 0 |a oceňovanie prostriedkov základných 
610 2 0 |a ceny 
100 1 |a Popova, T.